| 000 | 00539nam a2200145Ia 4500 | ||
|---|---|---|---|
| 008 | 100204s9999 xx 000 0 und d | ||
| 082 | _b1640 | ||
| 100 | _aअष्टीकर मंदाकिनी | ||
| 245 | _aमानसी भावपुष्प फुलले | ||
| 260 |
_b"प्रिया प्रकाशन, मुंबई" _c1979 |
||
| 300 | _a177 | ||
| 630 | _aमानसी भावपुष्प फुलले | ||
| 730 | _aमानसी भावपुष्प फुलले | ||
| 942 | _cBOOK | ||
| 999 |
_c446796 _d446793 |
||